000 01033nam a22003497a 4500
001 BR0602910
003 BR-BrBNA
005 20230928102214.0
007 ta
008 230509b bl.||||| |||| 00| 0 por d
040 _aBR-BrBNA
_bpor
_cBiblioteca Nacional de Agricultura
041 _a(Por)
072 _aF02; F62; F50
_b2120
_b3540
090 _ 2120 BR0602910
100 1 _aDias, F.P.
110 1 _aUniversidade Federal de Lavras, MG (Brasil)
_0Tese (Doutorado)
245 1 _aCrescimento vegetativo e anatomia caulinar de cafeeiros enxertados
260 3 _aLavras, MG (Brasil):
_c2006.
300 _a89 p.
500 _aSummaries (Eng, Por); Bibliobraphy p. 81-89; 15 illus.; 40 tables
650 _aCAFÉ
650 _aENXERTO
650 _aPROPAGAÇÃO VEGETATIVA
650 _aANATOMIA VEGETAL
650 _aCAULE
650 _aFISIOLOGIA VEGETAL
650 _aANÁLISE ESTATÍSTICA
650 _aDEFESA VEGETAL
650 _aCONTROLE CULTURAL
909 _a202309
_bLucia
_c55
_dLucia Elande
942 _cBK
999 _c69644
_d69644